|
|
|
|
| LEADER |
00000ny a22000003n 4500 |
| 005 |
20110509144441.0 |
| 008 |
A10218c19uu sp cn p r f0 a0spa d |
| 022 |
|
|
|a 0212-5803
|
| 035 |
|
|
|a 101
|
| 040 |
|
|
|a BUS
|d vlex
|
| 080 |
|
|
|a 34 468 094.4
|
| 090 |
|
|
|c 1474
|d 1474
|
| 110 |
1 |
|
|a Andaluca̕.
|b Junta
|
| 245 |
1 |
0 |
|a Boletn̕ oficial de la Junta de Andaluca̕
|h [Recurso electrn̤ico]
|
| 246 |
3 |
0 |
|a BOJA
|
| 256 |
|
|
|a Servicio en ln̕ea
|
| 260 |
|
|
|a Sevilla :
|b Servicio de Publicaciones y BOJA
|
| 310 |
|
|
|a Dos o tres veces a la semana
|
| 650 |
0 |
4 |
|a Derecho
|z Espaą
|z Andaluca̕
|x Legislacin̤
|x Publicaciones perid̤icas
|
| 740 |
0 |
|
|a vLex Revista (Servicios en ln̕ea)
|
| 843 |
|
|
|a Electrn̤ica. Abierta
|
| 853 |
|
|
|8 1
|i (year)
|j (month)
|k (day)
|
| 856 |
4 |
0 |
|u http://vlex.com/source/101
|z Acceso restringido
|
| 942 |
|
|
|c REV
|